书目信息 |
| 题名: |
2007中国最佳散文
|
|
| 作者: | 王必胜 , 潘凯雄 主编 | |
| 分册: | ||
| 出版信息: | 沈阳 辽宁人民出版社 2008.01 |
|
| 页数: | 398页 | |
| 开本: | 23cm | |
| 丛书名: | 太阳鸟文学年选 | |
| 单 册: | ||
| 中图分类: | I267 | |
| 科图分类: | ||
| 主题词: | 散文--san wen--中国--当代--作品集 | |
| 电子资源: | ||
| ISBN: | 978-7-205-06291-0 | |
| 000 | 00997nam 2200277 450 | |
| 001 | 012008605064 | |
| 005 | 20080901194802.62 | |
| 010 | @a978-7-205-06291-0@dCNY35.00 | |
| 100 | @a20080901d2008 em y0chiy0120 ea | |
| 101 | 0 | @achi |
| 102 | @aCN@b210000 | |
| 105 | @ay z 000cy | |
| 106 | @ar | |
| 200 | 1 | @a2007中国最佳散文@A2007 zhong guo zui jia san wen@f王必胜, 潘凯雄主编@Fwang bi sheng,pan kai xiong zhu bian |
| 210 | @a沈阳@c辽宁人民出版社@d2008.01 | |
| 215 | @a398页@d23cm | |
| 225 | 2 | @a太阳鸟文学年选@Atai yang niao wen xue nian xuan |
| 330 | @a本书主要内容包括:李庄琐忆、六棵树、探病、七七级、白雪红灯的年、老院、周口三题、一只松鼠的城市、静悄悄的昆仑山等。 | |
| 410 | 0 | @12001 @a太阳鸟文学年选 |
| 517 | 1 | @a中国最佳散文@Azhong guo zui jia san wen |
| 606 | 0 | @a散文@Asan wen@y中国@z当代@j作品集 |
| 690 | @aI267@v4 | |
| 701 | 0 | @a王必胜@Awang bi sheng@4主编 |
| 701 | 0 | @a潘凯雄@Apan kai xiong@4主编 |
| 801 | 0 | @aCN@bQSSK@c20080901 |
| 905 | @b733950-52@dI267@eW116@f3 | |
| 2007中国最佳散文/王必胜, 潘凯雄主编.-沈阳:辽宁人民出版社,2008.01 |
| 398页;23cm.-(太阳鸟文学年选) |
| ISBN 978-7-205-06291-0:CNY35.00 |
| 本书主要内容包括:李庄琐忆、六棵树、探病、七七级、白雪红灯的年、老院、周口三题、一只松鼠的城市、静悄悄的昆仑山等。 |
| ● |
| 相关链接 |
|
|
|
正题名:2007中国最佳散文
索取号:I267/W116
 
预约/预借
| 序号 | 登录号 | 条形码 | 馆藏地/架位号 | 状态 | 备注 |
| 1 | 733950 | 207339502 | 社科二线422/422社科库 25排1列6层/ [索取号:I267/W116] | 在馆 | |
| 2 | 733951 | 207339511 | 文学库116/116文学库 6排6列3层/ [索取号:I267/W116] | 在馆 | |
| 3 | 733952 | 207339520 | 文学库116/116文学库 6排6列3层/ [索取号:I267/W116] | 在馆 |